[Event "Mecklenburg VP LL 0607"]
[Site "Mecklenburg VP"]
[Date "2007.02.25"]
[Round "6.8"]
[White "Staben, Thomas"]
[Black "Willert, Christof"]
[Result "0-1"]
[WhiteElo "1854"]
[BlackElo "1756"]
[PlyCount "61"]
[EventDate "2006.10.15"]
[EventType "team"]
[EventRounds "9"]
[EventCountry "GER"]
[SourceTitle "EXT 2008"]
[Source "ChessBase"]
[SourceDate "2007.11.25"]
[SourceVersion "1"]
[SourceVersionDate "2007.11.25"]
[SourceQuality "1"]
[WhiteTeam "Warnemuende SF Ostsee"]
[BlackTeam "Greifswald II"]
[WhiteTeamCountry "GER"]
[BlackTeamCountry "GER"]

1. e4 e6 2. Nf3 d5 3. exd5 exd5 4. d4 Bd6 5. Bd3 Ne7 6. Bg5 f6 7. Bh4 Bg4 8. Bg3 Nbc6 9. c3 Qd7 10. Bxd6 Qxd6 11. 0-0 0-0-0 12. Nbd2 g5 13. Qc2 h5 14. Rfe1 h4 15. Re3 Bd7 16. Nf1 g4 17. N3d2 f5 18. Nb3 f4 19. Ree1 g3 20. h3 f3 21. Nc5 gxf2+ 22. Qxf2 fxg2 23. Nh2 Bxh3 24. Re3 Rdf8 25. Rf3 Rxf3 26. Qxf3 Bd7 27. Nxd7 Qxd7 28. Kxg2 Rg8+ 29. Kh1 Rg3 30. Qf1 h3 31. Re1 0-1

[Event "Mecklenburg VP LL1 0506"]
[Site "Mecklenburg VP"]
[Date "2005.11.27"]
[Round "3.2"]
[White "Bauer, Norbert"]
[Black "Willert, Christof"]
[Result "1-0"]
[WhiteElo "2054"]
[BlackElo "1690"]
[PlyCount "53"]
[EventDate "2005.10.23"]
[EventType "team"]
[EventRounds "9"]
[EventCountry "GER"]
[SourceTitle "EXT 2008"]
[Source "ChessBase"]
[SourceDate "2007.11.25"]
[SourceVersion "1"]
[SourceVersionDate "2007.11.25"]
[SourceQuality "1"]
[WhiteTeam "Torgelow"]
[BlackTeam "Greifswald II"]
[WhiteTeamCountry "GER"]
[BlackTeamCountry "GER"]

1. e4 e6 2. d4 d5 3. Nc3 Nf6 4. Bg5 Bb4 5. e5 h6 6. Bd2 Bxc3 7. Bxc3 Ne4 8. Bd2 Nxd2 9. Qxd2 c5 10. f4 Qb6 11. 0-0-0 Bd7 12. dxc5 Qxc5 13. Nf3 Bb5 14. Bxb5+ Qxb5 15. Nd4 Qa6 16. Kb1 Nc6 17. f5 Nxd4 18. Qxd4 0-0 19. f6 gxf6 20. Qh4 Kh7 21. Qxf6 Qe2 22. Rhe1 Qh5 23. Rd3 Qg5 24. Qf2 Qe7 25. Rf3 a6 26. Rf6 Qb4 27. Rf1 1-0

[Event "Mecklenburg VP LL1 0405"]
[Site "Mecklenburg VP"]
[Date "2005.02.13"]
[Round "6.4"]
[White "Lang, Henry"]
[Black "Willert, Christof"]
[Result "1-0"]
[WhiteElo "1752"]
[BlackElo "1668"]
[PlyCount "43"]
[EventDate "2004.10.24"]
[EventType "team"]
[EventRounds "9"]
[EventCountry "GER"]
[SourceTitle "EXT 2009"]
[Source "ChessBase"]
[SourceDate "2008.11.26"]
[SourceVersion "1"]
[SourceVersionDate "2008.11.26"]
[SourceQuality "1"]
[WhiteTeam "Stralsund TSV"]
[BlackTeam "Greifswald II"]
[WhiteTeamCountry "GER"]
[BlackTeamCountry "GER"]

1. Nf3 d5 2. d3 e6 3. g3 Be7 4. Bg2 Nf6 5. 0-0 0-0 6. a3 c5 7. c4 Nc6 8. Nbd2 Qc7 9. e4 Rd8 10. Qe2 dxe4 11. dxe4 e5 12. h3 Nd4 13. Nxd4 exd4 14. Qd3 Be6 15. f4 Nd7 16. Nf3 f6 17. Bd2 Nb6 18. b3 Bd6 19. Rae1 Nd7 20. e5 fxe5 21. Ng5 Nf8 22. fxe5 1-0

[Event "GER-ch U18"]
[Site "Willingen"]
[Date "2004.06.04"]
[Round "9"]
[White "Trapp, Sascha"]
[Black "Willert, Christof"]
[Result "1-0"]
[WhiteElo "1950"]
[BlackElo "1673"]
[PlyCount "43"]
[EventDate "2004.06.??"]
[EventType "swiss"]
[EventRounds "9"]
[EventCountry "GER"]
[SourceTitle "EXT 2005"]
[Source "ChessBase"]
[SourceDate "2004.11.15"]
[SourceVersion "1"]
[SourceVersionDate "2004.11.15"]
[SourceQuality "1"]

1. e4 e6 2. d4 d5 3. Nd2 dxe4 4. Nxe4 Bd7 5. Nf3 Bc6 6. Bd3 Nd7 7. 0-0 Ngf6 8. Qe2 Bxe4 9. Bxe4 Nxe4 10. Qxe4 c6 11. c3 Nf6 12. Qe2 Qc7 13. Ne5 Be7 14. Re1 0-0 15. Bf4 Qd8 16. Rad1 Nd7 17. Rd3 Nxe5 18. dxe5 Qc7 19. Qh5 f6 20. Rh3 Rad8 21. Qxh7+ Kf7 22. exf6 1-0

[Event "GER-ch U18"]
[Site "Willingen"]
[Date "2004.05.30"]
[Round "2"]
[White "Willert, Christof"]
[Black "Roeber, Juergen"]
[Result "0-1"]
[WhiteElo "1673"]
[BlackElo "2048"]
[PlyCount "52"]
[EventDate "2004.06.??"]
[EventType "swiss"]
[EventRounds "9"]
[EventCountry "GER"]
[SourceTitle "EXT 2005"]
[Source "ChessBase"]
[SourceDate "2004.11.15"]
[SourceVersion "1"]
[SourceVersionDate "2004.11.15"]
[SourceQuality "1"]

1. d4 Nf6 2. c4 g6 3. Nc3 d5 4. cxd5 Nxd5 5. e4 Nxc3 6. bxc3 c5 7. Be3 Bg7 8. Nf3 0-0 9. Rc1 Bg4 10. Be2 Qa5 11. Qd2 Nc6 12. d5 Bxf3 13. Bxf3 Ne5 14. Be2 Rfd8 15. 0-0 Rac8 16. c4 Qc7 17. Qc2 a6 18. Rb1 Rb8 19. Rb3 Rdc8 20. f4 Nd7 21. Bg4 b5 22. Qf2 bxc4 23. Rxb8 Rxb8 24. Rc1 Rb2 25. Rc2 c3 26. Bc1 Bd4 0-1

[Event "Mecklenburg VP-ch U18"]
[Site "Greifswald"]
[Date "2004.02.07"]
[Round "2"]
[White "Willert, Christof"]
[Black "Bruegmann, Norman"]
[Result "1-0"]
[WhiteElo "1540"]
[BlackElo "1365"]
[PlyCount "43"]
[EventDate "2004.04.??"]
[EventType "swiss"]
[EventRounds "7"]
[EventCountry "GER"]
[SourceTitle "EXT 2005"]
[Source "ChessBase"]
[SourceDate "2004.11.15"]
[SourceVersion "1"]
[SourceVersionDate "2004.11.15"]
[SourceQuality "1"]

1. d4 d5 2. c4 e6 3. Nc3 c5 4. cxd5 cxd4 5. Qa4+ Bd7 6. Qxd4 exd5 7. Qxd5 Nc6 8. Nf3 Nf6 9. Qb3 Qc7 10. Bg5 Be6 11. Qa4 Nd5 12. Nxd5 Bxd5 13. Rc1 Qa5+ 14. Qxa5 Nxa5 15. a3 Nc4 16. e4 Bxe4 17. Rxc4 Bc6 18. Rc3 f6 19. Bh4 Be7 20. Nd4 Bd5 21. Nb5 Kd8 22. Nc7 1-0

[Event "GER-chT U16"]
[Site "Greifswald"]
[Date "2003.12.29"]
[Round "5.1"]
[White "Willert, Christof"]
[Black "Ihl, Thomas"]
[Result "0-1"]
[WhiteElo "1536"]
[BlackElo "1707"]
[PlyCount "80"]
[EventDate "2003.12.27"]
[EventType "team-swiss"]
[EventRounds "7"]
[EventCountry "GER"]
[SourceTitle "EXT 2022"]
[Source "ChessBase"]
[SourceDate "2021.10.06"]
[SourceVersion "1"]
[SourceVersionDate "2021.10.06"]
[SourceQuality "1"]
[WhiteTeam "Gryps SV U16"]
[BlackTeam "Saarlouis Rochade U16"]
[WhiteTeamCountry "GER"]
[BlackTeamCountry "GER"]

1. d4 Nf6 2. c4 c5 3. d5 e6 4. Nc3 exd5 5. cxd5 d6 6. e4 g6 7. f4 Bg7 8. Bb5+ Nfd7 9. Nf3 a6 10. Be2 b5 11. 0-0 0-0 12. Re1 Re8 13. Bf1 Nb6 14. h3 Bb7 15. Qc2 N8d7 16. a4 b4 17. Nd1 a5 18. Ne3 Qc7 19. Nc4 Ba6 20. Nxb6 Nxb6 21. Bxa6 Rxa6 22. Be3 Raa8 23. Nd2 Rac8 24. Rab1 c4 25. Bxb6 Qxb6+ 26. Kh2 c3 27. bxc3 Rxc3 28. Qd1 Qd4 29. Nf3 Qxd1 30. Rbxd1 f6 31. Ra1 Rc4 32. Nd2 Rd4 33. Rad1 f5 34. Nb3 Rdxe4 35. Rxe4 Rxe4 36. g3 Re2+ 37. Kg1 Ra2 38. Nxa5 Rxa4 39. Nc4 b3 40. Nxd6 b2 0-1

[Event "Greifswald op U20"]
[Site "Greifswald"]
[Date "2003.10.18"]
[Round "6"]
[White "Dshurowa, Petra"]
[Black "Willert, Christof"]
[Result "0-1"]
[WhiteElo "1347"]
[BlackElo "1484"]
[PlyCount "62"]
[EventDate "2003.10.16"]
[EventType "swiss"]
[EventRounds "7"]
[EventCountry "GER"]
[SourceTitle "EXT 2005"]
[Source "ChessBase"]
[SourceDate "2004.11.15"]
[SourceVersion "1"]
[SourceVersionDate "2004.11.15"]
[SourceQuality "1"]

1. c4 e6 2. Nc3 d5 3. cxd5 exd5 4. Nf3 Nf6 5. g3 c6 6. Bg2 Bd6 7. d4 0-0 8. 0-0 Re8 9. Bg5 Nbd7 10. Qd3 h6 11. e4 hxg5 12. Nxg5 dxe4 13. Bxe4 Nxe4 14. Ncxe4 Nf8 15. Qf3 Be6 16. Rfe1 Bd5 17. Qh5 Be7 18. Re3 Bxg5 19. Nxg5 Qf6 20. Rf1 Qg6 21. Qe2 Rxe3 22. Qxe3 Ne6 23. Nf3 Qe4 24. Qxe4 Bxe4 25. Ne5 Nxd4 26. Rd1 Nf3+ 27. Nxf3 Bxf3 28. Rd7 Rb8 29. h4 Bg4 30. Rd4 Be6 31. b3 Bd5 0-1

[Event "Mecklenburg VP-ch U16"]
[Site "Greifswald"]
[Date "2003.02.15"]
[Round "7"]
[White "Willert, Christof"]
[Black "Buchholz, Sebastian"]
[Result "1-0"]
[WhiteElo "1493"]
[BlackElo "1402"]
[PlyCount "81"]
[EventDate "2003.02.??"]
[EventType "swiss"]
[EventRounds "7"]
[EventCountry "GER"]
[SourceTitle "EXT 2005"]
[Source "ChessBase"]
[SourceDate "2004.11.15"]
[SourceVersion "1"]
[SourceVersionDate "2004.11.15"]
[SourceQuality "1"]

1. d4 d5 2. c4 c6 3. Nc3 Nf6 4. Nf3 e6 5. e3 Nbd7 6. Bd3 dxc4 7. Bxc4 Bd6 8. 0-0 Qc7 9. h3 0-0 10. Bd3 e5 11. Bd2 exd4 12. Nxd4 Nc5 13. Be2 Nfe4 14. Nxe4 Nxe4 15. Be1 Rd8 16. Qc2 Re8 17. Rc1 Qe7 18. Bd3 g6 19. a3 Ng5 20. Kh1 Nxh3 21. g3 Ng5 22. Qd1 Be6 23. Nxe6 Qxe6 24. Be2 h5 25. Rc3 Rad8 26. Rd3 Bc7 27. Rxd8 Rxd8 28. Qa4 Bb6 29. Qf4 Qd5+ 30. Kh2 Ne6 31. Qf6 Qg5 32. Qxg5 Nxg5 33. Bc3 Ne4 34. Be5 Rd2 35. Re1 Nxf2 36. Bc3 Rd7 37. Bc4 Ng4+ 38. Kh3 Nxe3 39. Kh4 Nxc4 40. Re8+ Kh7 41. Rh8# 1-0

[Event "Mecklenburg VP-ch U16"]
[Site "Greifswald"]
[Date "2003.02.14"]
[Round "3"]
[White "Willert, Christof"]
[Black "Rittemann, Steffen"]
[Result "0-1"]
[WhiteElo "1493"]
[BlackElo "1530"]
[PlyCount "76"]
[EventDate "2003.02.??"]
[EventType "swiss"]
[EventRounds "7"]
[EventCountry "GER"]
[SourceTitle "EXT 2005"]
[Source "ChessBase"]
[SourceDate "2004.11.15"]
[SourceVersion "1"]
[SourceVersionDate "2004.11.15"]
[SourceQuality "1"]

1. d4 Nf6 2. c4 g6 3. Nc3 Bg7 4. e4 d6 5. f3 0-0 6. Be3 Nbd7 7. Qd2 e5 8. d5 a6 9. g4 Nc5 10. Nge2 Bd7 11. Ng3 Rb8 12. Be2 b5 13. b3 bxc4 14. Bxc4 Bb5 15. Nxb5 axb5 16. Be2 Nfd7 17. Kf2 Qc8 18. Rac1 Qb7 19. h4 Ra8 20. Rc2 b4 21. h5 Rae8 22. Bh6 Nf6 23. Bxg7 Kxg7 24. hxg6 fxg6 25. Qh6+ Kg8 26. Kg2 Rf7 27. Bc4 Nfd7 28. Bf1 Ref8 29. Rd2 Nb6 30. Be2 Nc8 31. Rh2 Na7 32. Rd1 Nb5 33. Bxb5 Qxb5 34. Rdh1 Qd3 35. Kg1 Qd1+ 36. Nf1 Qxf3 37. Nd2 Qd1+ 38. Kg2 Qxg4# 0-1

[Event "Mecklenburg VP-ch U16"]
[Site "Greifswald"]
[Date "2003.02.13"]
[Round "2"]
[White "Riess, Alexander"]
[Black "Willert, Christof"]
[Result "0-1"]
[WhiteElo "1297"]
[BlackElo "1493"]
[PlyCount "94"]
[EventDate "2003.02.??"]
[EventType "swiss"]
[EventRounds "7"]
[EventCountry "GER"]
[SourceTitle "EXT 2005"]
[Source "ChessBase"]
[SourceDate "2004.11.15"]
[SourceVersion "1"]
[SourceVersionDate "2004.11.15"]
[SourceQuality "1"]

1. c4 c6 2. e4 d5 3. exd5 cxd5 4. d4 dxc4 5. Bxc4 Nf6 6. Nf3 e6 7. 0-0 b6 8. Nc3 Be7 9. Qa4+ Nbd7 10. Bf4 Nh5 11. Be3 0-0 12. Rac1 Bb7 13. Ne5 Nhf6 14. Rfd1 a6 15. Bg5 b5 16. Qb3 Nb6 17. Bxe6 Qe8 18. Bf5 Nfd5 19. Bxe7 Qxe7 20. Nxd5 Bxd5 21. Qc2 Qh4 22. Rd3 g6 23. Rh3 Qxd4 24. Nd7 Nxd7 25. Bxd7 Rfd8 26. Rd1 Qe5 27. Re3 Qg5 28. Bh3 Qf6 29. Rde1 Qc6 30. Qxc6 Bxc6 31. Rc3 Rd6 32. Rec1 Rad8 33. g3 Rd1+ 34. Rxd1 Rxd1+ 35. Bf1 Bd5 36. a3 Bc4 37. Rxc4 bxc4 38. Kg2 Rc1 39. a4 a5 40. h4 Rc2 41. Kf3 c3 42. bxc3 Rxc3+ 43. Kg2 Kf8 44. Bb5 Ke7 45. Kh3 f5 46. Be2 Rc2 47. Bb5 Rxf2 0-1

[Event "Mecklenburg VP-ch U16"]
[Site "Greifswald"]
[Date "2003.02.13"]
[Round "1"]
[White "Willert, Christof"]
[Black "Lembke, Soeren"]
[Result "1-0"]
[WhiteElo "1493"]
[BlackElo "1255"]
[PlyCount "79"]
[EventDate "2003.02.??"]
[EventType "swiss"]
[EventRounds "7"]
[EventCountry "GER"]
[SourceTitle "EXT 2005"]
[Source "ChessBase"]
[SourceDate "2004.11.15"]
[SourceVersion "1"]
[SourceVersionDate "2004.11.15"]
[SourceQuality "1"]

1. d4 d5 2. c4 e6 3. Nc3 Nf6 4. Nf3 Nbd7 5. e3 Bd6 6. Bd3 c6 7. 0-0 0-0 8. Qc2 h6 9. e4 dxe4 10. Nxe4 Nxe4 11. Bxe4 Nf6 12. Bd3 Re8 13. h3 e5 14. dxe5 Bxe5 15. Nxe5 Rxe5 16. Bf4 Re7 17. Rad1 Rd7 18. Rfe1 a6 19. a4 Kh8 20. Qe2 c5 21. Qf3 Ra7 22. Be5 Re7 23. Bxf6 Rxe1+ 24. Rxe1 gxf6 25. Qe4 Qg8 26. Qh4 Kg7 27. Qg3+ Kh8 28. Qxg8+ Kxg8 29. Re8+ Kg7 30. Rxc8 b6 31. Rd8 Rb7 32. Kf1 Re7 33. Rd6 b5 34. cxb5 axb5 35. Bxb5 Rc7 36. Rc6 Rd7 37. Rxc5 Rd2 38. b3 Rb2 39. Bc4 Rb1+ 40. Ke2 1-0

[Event "GER-chT U20"]
[Site "Greifswald"]
[Date "2002.12.29"]
[Round "6.1"]
[White "Haensel, Thomas"]
[Black "Willert, Christof"]
[Result "1-0"]
[WhiteElo "2317"]
[BlackElo "1453"]
[PlyCount "53"]
[EventDate "2002.12.27"]
[EventType "team"]
[EventRounds "7"]
[EventCountry "GER"]
[SourceTitle "CBM 092 Extra"]
[Source "ChessBase"]
[SourceDate "2003.03.07"]
[SourceVersion "1"]
[SourceVersionDate "2003.03.07"]
[SourceQuality "1"]

1. e4 e6 2. d4 d5 3. Nc3 dxe4 4. Nxe4 Nd7 5. Bd3 Ngf6 6. Qe2 Be7 7. Nf3 0-0 8. 0-0 b6 9. Nxf6+ Nxf6 10. Rd1 Bb7 11. c4 Re8 12. h3 Bf8 13. Bg5 g6 14. Ne5 Bg7 15. Ng4 h5 16. Ne5 Qc8 17. Qe3 Nd7 18. Rac1 Nxe5 19. dxe5 c5 20. Bb1 Bc6 21. Rd6 Qb7 22. f3 Bf8 23. Bf6 Kh7 24. Qg5 Kg8 25. Rxc6 Re7 26. Rd6 Rc7 27. Be4 1-0

[Event "GER-chT U20"]
[Site "Greifswald"]
[Date "2002.12.27"]
[Round "1.2"]
[White "Ehrenfried, Stefan"]
[Black "Willert, Christof"]
[Result "1-0"]
[WhiteElo "1928"]
[BlackElo "1453"]
[PlyCount "117"]
[EventDate "2002.12.27"]
[EventType "team"]
[EventRounds "7"]
[EventCountry "GER"]
[SourceTitle "CBM 092 Extra"]
[Source "ChessBase"]
[SourceDate "2003.03.07"]
[SourceVersion "1"]
[SourceVersionDate "2003.03.07"]
[SourceQuality "1"]

1. e4 e6 2. d4 d5 3. Nd2 dxe4 4. Nxe4 Be7 5. Nf3 Nf6 6. Bd3 Nc6 7. 0-0 0-0 8. c3 b6 9. Qc2 h6 10. Qe2 Bb7 11. Bc2 Nh7 12. Qd3 f5 13. Ng3 Nf6 14. Qe2 Qd7 15. Re1 Bc8 16. Ba4 Bd6 17. Bb3 Re8 18. Nxf5 Na5 19. Nxd6 cxd6 20. Bc2 Bb7 21. Bf4 Nd5 22. Bg3 Nc7 23. Qd3 g5 24. Qg6+ Qg7 25. Qxg7+ Kxg7 26. Bxd6 Nd5 27. Ba4 Nc6 28. Rad1 Rad8 29. Bg3 Re7 30. Bb3 Kf8 31. Ne5 Nxe5 32. Bxe5 Kf7 33. Rd2 Ree8 34. Bd1 Kg6 35. Bc2+ Kf7 36. Be4 Ba6 37. Bf3 Kg6 38. Be2 Bb7 39. Bd3+ Kf7 40. Rde2 Bc8 41. a3 Bd7 42. Rf1 Ne7 43. f4 g4 44. Be4 Bb5 45. Rfe1 Bxe2 46. Rxe2 Ng6 47. Bc2 Nxe5 48. Rxe5 Rh8 49. Bb3 Rd6 50. f5 Kf6 51. fxe6 Re8 52. Kf2 Re7 53. Kg3 Rg7 54. Kf4 Rg8 55. Rf5+ Ke7 56. Rf7+ Kd8 57. Rxa7 Rf8+ 58. Ke5 Rc6 59. e7+ 1-0

[Event "Greifswald op U18"]
[Site "Greifswald"]
[Date "2002.10.14"]
[Round "5"]
[White "Voelsgen, Georg"]
[Black "Willert, Christof"]
[Result "0-1"]
[WhiteElo "1073"]
[BlackElo "1441"]
[PlyCount "136"]
[EventDate "2002.10.??"]
[EventType "swiss"]
[EventRounds "7"]
[EventCountry "GER"]
[SourceTitle "EXT 2005"]
[Source "ChessBase"]
[SourceDate "2004.11.15"]
[SourceVersion "1"]
[SourceVersionDate "2004.11.15"]
[SourceQuality "1"]

1. e4 e6 2. d4 d5 3. e5 c5 4. c3 Nc6 5. Nf3 Nge7 6. Bg5 Qb6 7. b3 Nf5 8. Bd3 cxd4 9. Bxf5 exf5 10. cxd4 Bb4+ 11. Ke2 Qc7 12. a3 Ba5 13. b4 Bb6 14. Qd3 Be6 15. Nc3 a6 16. Rhc1 Qd7 17. Kf1 Ne7 18. Ne2 Ng6 19. Rc3 0-0 20. Qc2 Rac8 21. Rc1 Rxc3 22. Qxc3 Rc8 23. Qb2 h6 24. Be3 Qb5 25. g3 Qe8 26. Rc3 Nf8 27. Ne1 Nd7 28. f4 Ba7 29. Bf2 Nb6 30. Qc1 Nc4 31. Nf3 Nb6 32. Nd2 Na4 33. Rxc8 Qxc8 34. Qxc8+ Bxc8 35. Nc1 Bd7 36. Ndb3 b6 37. Kg2 Nc3 38. Nd2 Ba4 39. Kf3 Nb5 40. Ne2 Nxa3 41. Nc3 Bc6 42. Ke3 Nc2+ 43. Ke2 Nxb4 44. Nb3 Nc2 45. Nb1 a5 46. Kd3 Nb4+ 47. Kc3 Na6 48. h3 Nc7 49. Nc1 Kf8 50. Na3 Nb5+ 51. Nxb5 Bxb5 52. h4 Ke7 53. Kb3 Bc4+ 54. Ka4 Kd7 55. Nb3 Bxb3+ 56. Kxb3 b5 57. Kc3 Kc6 58. Kb3 Kb6 59. Be3 Bb8 60. Bf2 Bc7 61. Be3 Bd8 62. Bc1 a4+ 63. Kc3 Be7 64. Kb2 b4 65. Kc2 Kb5 66. Kb2 Kc4 67. Be3 Kd3 68. Bg1 b3 0-1

[Event "Greifswald op U18"]
[Site "Greifswald"]
[Date "2002.10.13"]
[Round "4"]
[White "Hartmann, Elisa"]
[Black "Willert, Christof"]
[Result "0-1"]
[WhiteElo "1150"]
[BlackElo "1441"]
[PlyCount "34"]
[EventDate "2002.10.??"]
[EventType "swiss"]
[EventRounds "7"]
[EventCountry "GER"]
[SourceTitle "EXT 2005"]
[Source "ChessBase"]
[SourceDate "2004.11.15"]
[SourceVersion "1"]
[SourceVersionDate "2004.11.15"]
[SourceQuality "1"]

1. e4 e6 2. d4 d5 3. e5 c5 4. c3 Nc6 5. Nf3 Nge7 6. Bg5 Qb6 7. Bxe7 Bxe7 8. b3 cxd4 9. cxd4 Bb4+ 10. Ke2 Bd7 11. a3 Be7 12. Nc3 Rc8 13. Na4 Qc7 14. Ke1 Na5 15. b4 0-0 16. Rc1 Qxc1 17. Qxc1 Rxc1+ 0-1

[Event "Greifswald op U18"]
[Site "Greifswald"]
[Date "2002.10.13"]
[Round "3"]
[White "Willert, Christof"]
[Black "Schmidt, Thomas"]
[Result "1-0"]
[WhiteElo "1441"]
[BlackElo "1428"]
[PlyCount "105"]
[EventDate "2002.10.??"]
[EventType "swiss"]
[EventRounds "7"]
[EventCountry "GER"]
[SourceTitle "EXT 2005"]
[Source "ChessBase"]
[SourceDate "2004.11.15"]
[SourceVersion "1"]
[SourceVersionDate "2004.11.15"]
[SourceQuality "1"]

1. d4 d5 2. c4 e6 3. Nf3 c5 4. cxd5 Qxd5 5. Nc3 Qd8 6. e3 Nf6 7. Bd3 cxd4 8. Nxd4 g6 9. 0-0 Bg7 10. Nf3 0-0 11. Qc2 Nbd7 12. Rd1 Qc7 13. e4 b6 14. h3 Bb7 15. Be3 Rac8 16. Rac1 Ne5 17. Nxe5 Qxe5 18. Qa4 Ra8 19. Qd4 Qxd4 20. Bxd4 Rfd8 21. Be3 Rd7 22. f3 Rad8 23. Be2 Rxd1+ 24. Rxd1 Rxd1+ 25. Bxd1 Nd7 26. Nb5 a6 27. Nd6 Bc6 28. b3 f5 29. exf5 exf5 30. Nc8 Bf8 31. Nxb6 Nxb6 32. Bxb6 Bb5 33. Bc2 Kf7 34. Kf2 Ke6 35. Ke3 Kd5 36. a4 Bd7 37. Bd3 Kc6 38. Bd4 Be6 39. Bxa6 Bxb3 40. Bb5+ Kd5 41. Bb6 Bc5+ 42. Bxc5 Kxc5 43. Kf4 Kb4 44. Kg5 Bxa4 45. Bxa4 Kxa4 46. Kh6 Kb4 47. Kxh7 Kc5 48. Kxg6 Kd6 49. Kxf5 Ke7 50. Kg6 Kf8 51. Kh7 Kf7 52. g4 Kf6 53. f4 1-0

[Event "Greifswald Ryck op"]
[Site "Greifswald"]
[Date "2002.08.25"]
[Round "6"]
[White "Krueger, Alexander"]
[Black "Willert, Christof"]
[Result "1-0"]
[WhiteElo "1586"]
[BlackElo "1429"]
[PlyCount "111"]
[EventDate "2002.08.??"]
[EventType "swiss"]
[EventRounds "7"]
[EventCountry "GER"]
[SourceTitle "EXT 2005"]
[Source "ChessBase"]
[SourceDate "2004.11.15"]
[SourceVersion "1"]
[SourceVersionDate "2004.11.15"]
[SourceQuality "1"]

1. e4 e6 2. d4 d5 3. exd5 exd5 4. Nc3 Nf6 5. Bf4 Bd7 6. Nf3 Be7 7. Ne5 c6 8. Bd3 0-0 9. 0-0 Be6 10. Re1 c5 11. dxc5 Bxc5 12. Qf3 Nc6 13. Bg5 Be7 14. Qg3 Nxe5 15. Qxe5 Nd7 16. Bxe7 Qxe7 17. Qd4 Qf6 18. Qb4 b6 19. Qd6 Rad8 20. Rad1 Nc5 21. Qe5 Qxe5 22. Rxe5 Nxd3 23. Rxd3 Rc8 24. Rd2 Rfe8 25. h3 f6 26. Re1 Kf7 27. Nb5 Red8 28. Rde2 Rc6 29. Nxa7 Rc7 30. Nb5 Re7 31. Nd4 Rde8 32. Nb5 Rd7 33. Nd4 Rde7 34. Nxe6 Rxe6 35. Rxe6 Rxe6 36. Rxe6 Kxe6 37. Kf1 Ke5 38. Ke2 Kd4 39. Kd2 g6 40. c3+ Ke4 41. a4 Ke5 42. Kd3 Kd6 43. Kd4 Kc6 44. b4 h6 45. f4 h5 46. a5 bxa5 47. bxa5 Kb5 48. Kxd5 Kxa5 49. c4 Kb6 50. Kd6 Kb7 51. Ke6 g5 52. fxg5 fxg5 53. g4 hxg4 54. hxg4 Kc6 55. Kf5 Kc5 56. Kxg5 1-0